| 000 | 01087cam a22002531i 4500 | ||
|---|---|---|---|
| 003 | SA-RiAUC | ||
| 005 | 20260119134638.0 | ||
| 008 | 260101s1877 ua g 000r0 ara c | ||
| 040 |
_aSA-RiKSU _bara _cSA-RiAUC _erda |
||
| 043 | _aa-su--- | ||
| 082 | 0 | 4 | _a915.31204 |
| 090 |
_aم ن 915.31204 _bم ح م |
||
| 100 | 0 |
_aمحمد صادق، _cاللواء، _d1238-1320 هجري _eمؤلف. |
|
| 245 | 1 | 0 |
_aنبذة في استكشاف طريق الأرض الحجازية من الوجة وينبع البحر إلى المدينة النبوية وبيان خريطتها العسكرية / _cمحمد صادق بك. |
| 264 | 1 |
_aالقاهرة : _bديوان الجهادية، _c1877 |
|
| 300 |
_a28 صفحة ؛ _c19 سم |
||
| 336 |
_aنص _btxt _2rdacontent _3كتاب |
||
| 337 |
_aبدون وسيط _bn _2rdamedia |
||
| 338 |
_aمجلد _bnc _2rdacarrier |
||
| 651 | 7 |
_aالحجاز (السعودية) _xوصف ورحلات _2aucsh |
|
| 651 | 7 |
_aالحجاز (السعودية) _xجغرافيا _2aucsh |
|
| 942 |
_2ddc _cRBOOK COPY _n0 |
||
| 949 |
_aSA-JeALM _d260101 _umohamedma123 _n1 |
||
| 999 |
_c14107 _d14107 |
||